عرض عادي عرض مارك
  • Image Interpretation, Computer-Assisted

مدخل مصطلح موضوعي

عدد التسجيلات المستخدمة في: 3

001 - رقم الضبط

  • حقل الضبط: 13223

003 - معرف رقم الضبط

  • حقل الضبط: OSt

005 - تاريخ ووقت أخر عملية

  • حقل الضبط: 20120510024555.0

008 - عناصر بيانات ثابتة الطول

  • حقل تحكم ثابت الطول: 120510|||a|||||| | ||| d

040 ## - مصدر الفهرسة

  • هيئة الفهرسة الأصلية: OSt
  • وكالة الكتابة: OSt

150 ## - مدخل-- مصطلح تاريخي

  • عنصر مدخل المصطلح الموضوعي او الاسم الجغرافي: Image Interpretation, Computer-Assisted
  • تفريع عام: methods.

670 ## - بيانات المصدر موجوده

  • الاستشهاد بالمصدر: Work cat.: (OSt)24120: Haidekker, Mark A., 1963- 13222, Advanced biomedical image analysis /, c2011.